Digital Image Processing (Record no. 329164)

MARC details
000 -LEADER
fixed length control field 00449nam a2200169Ia 4500
008 - FIXED-LENGTH DATA ELEMENTS--GENERAL INFORMATION
fixed length control field 230718s9999 xx 000 0 und d
020 ## - INTERNATIONAL STANDARD BOOK NUMBER
International Standard Book Number 9788131712863
041 ## - LANGUAGE CODE
Language code of text/sound track or separate title eng
082 ## - DEWEY DECIMAL CLASSIFICATION NUMBER
Classification number 621.36'7
Item number CAS
100 ## - MAIN ENTRY--PERSONAL NAME
Personal name Castleman K.R.
9 (RLIN) 192068
245 ## - TITLE STATEMENT
Title Digital Image Processing
260 ## - PUBLICATION, DISTRIBUTION, ETC. (IMPRINT)
Date of publication, distribution, etc. 1996
Name of publisher, distributor, etc. Pearson Education
300 ## - PHYSICAL DESCRIPTION
Extent 667
365 ## - TRADE PRICE
Currency code Rs.
Price amount 565.00
700 ## - ADDED ENTRY--PERSONAL NAME
Personal name Castleman K.R.
9 (RLIN) 192068
906 ## - LOCAL DATA ELEMENT F, LDF (RLIN)
d B:111120052116-Nov-2011
c INST
b 1130
Holdings
Withdrawn status Lost status Damaged status Not for loan Home library Current library Date acquired Vendor Budget Code Cost, normal purchase price Bill number Total Checkouts Full call number Barcode Date last seen Discount Cost, replacement price Bill Date Koha item type Original Barcode
        Cummins College of Engineering for Women Pune Cummins College of Engineering for Women Pune 23/11/2011 Varma Book Distributors INST 423.75 1111200521   621.36'7 CCEP-BK-40371 18/07/2023 1130 565.00 16/11/2011 Books 040371